000 00679cam a22002291 4500
001 med47000459
003 DLC
005 20260227111559.0
008 810815s1946 xx a 000 0 spa
010 _amed47000459
035 _a(OCoLC)14734113
040 _aDLC
_cDNLM
_dDLC
042 _apremarc
050 0 0 _aRC253
_b.V33
060 0 _aWD 300
_bV293a 1946
100 2 _aVarela Fuentes, Benigno.
245 1 0 _aAlergia en la práctica clínica
_c[por] B. Varela Fuentes ... P. P. Recarte ... [y] A. Graña ...
260 _aBuenos Aires [etc.]
_bEspasa-Calpe argentina,
_c1946.
300 _axxi, 974 p.
_bill.
700 1 _aRecarte, Pablo.
700 1 _aGraña, Alfonso.
999 _c38085
_d38085